Statistiken für Teams der Schweizer Super League

Klicken Sie hier um das Quiz zu spielen!

Allgemein

  • Dieses Quiz wurde 3.973 mal gespielt
    (3.945 seit der letzten Aktualisierung)
  • Das Durchschnittsergebnis liegt bei 6 aus 10

Antwortstatistiken

Fussballclub% Korrekt
BSC Young Boys
87%
FC Zürich
87%
FC Basel
86%
Grasshopper Club Zürich
83%
FC Luzern
56%
FC St. Gallen
53%
FC Sion
47%
FC Lugano
44%
FC Thun
44%
Neuchâtel Xamax
27%

Verteilung der Resultate

Perzentil nach korrekt beantworteten Fragen

Anzahl Personen mit jedem Resultat

Ihre Resultats-Entwicklung

Sie haben dieses Quiz seit der letzten Aktualisierung nicht gespielt